000 00655nam a2200193Ia 4500
008 151119s9999||||xx |||||||||||||| ||und||
082 _a613
082 _bGKKV15944
100 _aनगर्सेकर अमिता
245 _aऋतुचर्चा आणि आपले आरोग्य
260 _a--
260 _b--
260 _c0
600 _aनगर्सेकर अमिता
630 _aऋतुचर्चा आणि आपले आरोग्य
700 _aनगर्सेकर अमिता
730 _aऋतुचर्चा आणि आपले आरोग्य
942 _cBOOK
999 _c1069262
_d1069259